| 000 | 01225nam a2200229Ia 4500 | ||
|---|---|---|---|
| 001 | L070-372 | ||
| 003 | IT-CnALBA | ||
| 008 | 170116s9999||||xx |||||||||||||| ||und|| | ||
| 040 |
_aIT-CnALBA _cIT-CnALBA |
||
| 041 | _aITALIANO | ||
| 100 | _aAA. VV. | ||
| 245 | 0 | _aSTRENNA DELLE MISSIONI. MISSIONI ESTERE DEI MIN. CAPPUCCINI | |
| 250 | _a1a ed. | ||
| 260 |
_a TIVOLI _bMANTERO OFFICINE GRAFICHE _c1937 [1° Ed.:1937 - Ed.Ling.Originale: 1937] |
||
| 300 | _a80 p. | ||
| 500 | _aCARITÀ CRISTIANA E MISSIONI. MARTIRIO DI AGATANGELO DA VENDOME E CASSIANO DA NANTES. MASSAIA MISSIONARIO. MISSIONI CAPPUCCINE IN ETIOPIA. SEMPLICITÀ DI RAGAZZI AFRICANI. HAILU',(RACCONTO). MADONNA DEL VERBO DIVINO. ARTE SACRA CINESE. UNA SCUOLA IN AFRICA. | ||
| 501 | _aSocietà San Paolo EM - Piazza San Paolo, 14 - 12051 ALBA (CN) (non commercial uses only) ® Copyright 2017 | ||
| 520 | _aCARITÀ CRISTIANA E MISSIONI. MARTIRIO DI AGATANGELO DA VENDOME E CASSIANO DA NANTES. MASSAIA MISSIONARIO. MISSIONI CAPPUCCINE IN ETIOPIA. SEMPLICITÀ DI RAGAZZI AFRICANI. HAILU',(RACCONTO). MADONNA DEL VERBO DIVINO. ARTE SACRA CINESE. UNA SCUOLA IN AFRICA. | ||
| 650 | _aGIORNALISMO EDITORIA GIORNALI | ||
| 942 | _cBK | ||
| 957 | _71 | ||
| 999 |
_a471 _bSI _g Copie: 1 _c259608 _d259608 |
||